Report of progress of the state geological survey, (Record no. 24309)

MARC details
000 -LEADER
fixed length control field 00855cam a22002291 4500
001 - CONTROL NUMBER
control field gs 05000870
003 - CONTROL NUMBER IDENTIFIER
control field DLC
005 - DATE AND TIME OF LATEST TRANSACTION
control field 20260227111302.0
008 - FIXED-LENGTH DATA ELEMENTS--GENERAL INFORMATION
fixed length control field 860623s1853 ilu 000 0 eng c
010 ## - LIBRARY OF CONGRESS CONTROL NUMBER
LC control number gs 05000870
035 ## - SYSTEM CONTROL NUMBER
System control number (OCoLC)13767072
040 ## - CATALOGING SOURCE
Original cataloging agency U.S. Geol. survey. Library.
Transcribing agency KyU
Modifying agency KyU
-- DLC
042 ## - AUTHENTICATION CODE
Authentication code premarc
050 00 - LIBRARY OF CONGRESS CALL NUMBER
Classification number QE105
Item number .A14
110 1# - MAIN ENTRY--CORPORATE NAME
Corporate name or jurisdiction name as entry element Illinois.
Subordinate unit State Geologist.
245 10 - TITLE STATEMENT
Title Report of progress of the state geological survey,
Remainder of title communicated to the Illinois legislature, at their session of 1853.
260 ## - PUBLICATION, DISTRIBUTION, ETC.
Place of publication, distribution, etc. Springfield, Ill.,
Name of publisher, distributor, etc. Lanphier & Walker, Printers,
Date of publication, distribution, etc. 1853.
300 ## - PHYSICAL DESCRIPTION
Extent 13 p.
Dimensions 22 cm.
500 ## - GENERAL NOTE
General note At head of title: 1853. House. 18th assem.
500 ## - GENERAL NOTE
General note "Report of the progress of the survey, from its organization [Aug. 1851] to the present time [Feb. 1853]"--p. 4.
650 #0 - SUBJECT ADDED ENTRY--TOPICAL TERM
Topical term or geographic name entry element Geology
Geographic subdivision Illinois.

No items available.

Powered by Koha